000 00511nam a2200193 4500
001 109465
003 ES-MaACL
005 20230906184840.0
007 t|
008 061121s1980 sp r ||||1| spa d
020 _a
_z84-30-2529-4
080 _a821.134.2-14"19"
100 1 _aOlmos Serrano, Moisés.
_986997
245 1 0 _aLlantos de un peregrino /
_cMoisés Olmos Serrano.
260 _aMadrid :
_b[El autor],
_c1980.
300 _a99 p. ;
_c21 cm.
500 _aÍndice.
852 _aES-MaACL
_jL-8370
999 _c109465
_d109465